| 000 | nam a22 7a 4500 | ||
|---|---|---|---|
| 999 |
_c126408 _d126408 |
||
| 008 | 170411b xxu||||| |||| 00| 0 eng d | ||
| 050 | _aBX4705.J375 W9 1952 | ||
| 100 |
_aWykeham-George, Kenneth _929825 |
||
| 245 |
_aBede Jarrett of the order of preachers _c Kenneth Wykeham-George and Gervase Matthew |
||
| 260 |
_aLondon _bBlackfriars publications _c1952 |
||
| 300 |
_aviii, 168p. ; _c22cm. |
||
| 600 |
_aJarrett, Bede _929826 |
||
| 700 |
_aMatthew, Gervase _929827 |
||
| 942 |
_2lcc _cMONOGRAPH |
||